000 01177nam a22002537a 4500
001 9594
003 FISKH
005 20260126083108.0
008 260126b cb ||||| |||| 00| 0 eng d
020 _a9781784872410
040 _aFISKH
_beng
_cFISKH
_dFISKH
050 _aPS3048 .A1
082 _a818.303
100 _aThoreau, Henry David
_eAuthor
245 _aWalden :
_bOr life in the woods /
_cWith an introduction by Benjamin Markovits
250 _aThis edition published in 2017.
260 _aLondon :
_bVintage ,
_c1854
300 _a295 pages :
_c20 cm
520 _aIn 1845 Henry David Thoreau, one of the principal New England Transcendentalists, left the town for the country. Beside the lake of Walden, he built himself a log cabin and returned to nature, to observe and reflect while surviving on eight dollars a year. From this experience emerged one of the great classics of American literature, a deeply personal reaction against the commercialism and materialism that he saw as the main impulses of mid-19th century America.
650 _aAmerican literature
_vAutobiography
650 _aClassic
_vPhilosophy
942 _2ddc
_cBK
_n0
999 _c9594
_d9594